Printemps arabe - Statistiques

Statistiques générales
  • Ce quiz a été pris 188 fois
  • Le résultat moyen est 6 sur 13
Statistiques - réponses
Hint Réponse % Correct
Le premier pays touché est Tunisie
95%
En quelle année a commencé le Printemps arabe ? 2010
91%
Pays dont l'opposition est reconnu par certains pays Syrie
70%
Pays dont un coup d'Etat militaire a eu lieu en 2013 Egypte
68%
Pays dont le pouvoirs est partagé par deux gouvernements Libye
68%
Le premier président déchu en 2011 Ben Ali
56%
Le troisième président déchu en 2011 Kadhafi
50%
Le deuxième président déchu en 2011 Moubarak
36%
Pays non arabe qui soutien un régime autoritaire dans sa guerre Iran
34%
Pays non arabe qui a soutenu le Printemps arabe Turquie
34%
Premier président égyptien élu démocratiquement Mohamed Morsi
18%
Premier président tunisien élu démocratiquement Moncef Marzouki
15%
Le quatrième président déchu en 2012 Saleh
11%
Aucun quiz correspondant
Distribution des résultats
% des personnes avec chaque résultat
Percentile par nombre de réponses
Votre historique - résultats
Vous n’avez pas pris ce quiz